Notes per a l'arqueologia del Maresme / J. M. Pons Guri
Descripción Física:
27 p. : il. ; 25 cm
Otros Autores:
Centre Excursionista de Catalunya
Materias:
Maresme (Catalunya) -- Arqueologia
MARC
| LEADER | 00000nam a2200000Ia 4500 | ||
|---|---|---|---|
| 001 | 6136 | ||
| 008 | 160829s1938 xx 000 0 cat d | ||
| 080 | |a RF-5-10 | ||
| 100 | 1 | |a Pons i Guri, Josep M. |q (Josep Maria), |d 1909-2005 |9 26875 | |
| 245 | |a Notes per a l'arqueologia del Maresme / J. M. Pons Guri | ||
| 260 | |a Barcelona : |b Centre Excursionista de Catalunya, |c 1938 | ||
| 300 | |a 27 p. : |b il. ; |c 25 cm | ||
| 590 | |a Separata del 'Butlletí del Centre Excursionista de Catalunya', núm. 513-514 | ||
| 651 | 0 | |a Maresme (Catalunya) |x Arqueologia |9 55328 | |
| 700 | |a Centre Excursionista de Catalunya |9 46977 | ||
| 856 | 4 | |u https://media.diba.cat/diba/fitxers/arxiu/fulletons/bib_6136_1938_baixa.pdf |y Accés lliure | |
| 856 | 4 | |u https://media.diba.cat/diba/fitxers/arxiu/fulletons/bib_6136_1938_baixa.pdf |y Accés lliure | |
| 901 | |a Arxiu | ||
| 942 | |n 1 |2 udc | ||
| 952 | |0 0 |1 0 |4 0 |6 RF510 |7 1 |9 44185 |a Arxiu |b Arxiu |d 2016-12-01 |l 0 |o RF-5-10 |p 6136 |r 2016-12-01 00:00:00 |w 2016-12-01 |y ARXIU | ||
| 999 | |c 46765 |d 46765 | ||
| 900 | |a bib_6136_1938_baixa.pdf | ||